[Event "22nd ch-EUR Indiv 2022"]
[Site "Terme Catez SLO"]
[Date "2022.03.28"]
[Round "2.110"]
[White "Tomazini, Zan"]
[Black "Roebers, Jan"]
[Result "1-0"]
[WhiteTitle "IM"]
[BlackTitle "FM"]
[WhiteElo "2376"]
[BlackElo "2156"]
[WhiteFideId "14608162"]
[BlackFideId "1007815"]
[EventDate "2022.03.27"]

1. e4 e5 2. Nf3 Nc6 3. d4 exd4 4. Nxd4 Nf6 5. Nxc6 bxc6 6. e5 Qe7 7. Qe2 Nd5 8.
Nd2 g6 9. c4 Nf4 10. Qe4 Ne6 11. b3 Bb7 12. Bb2 Bg7 13. f4 O-O-O 14. Qe3 Qc5 15.
Qxc5 Nxc5 16. O-O-O Ne6 17. g3 c5 18. Rg1 Nd4 19. Bd3 d6 20. Bxd4 cxd4 21. exd6
Rxd6 22. Be4 Ba6 23. Rge1 Kd8 24. Bg2 Re8 25. Rxe8+ Kxe8 26. Ne4 Rb6 27. Nc5 Bc8
28. Re1+ Kd8 29. Bd5 Bf8 30. Nd3 Ba3+ 31. Kd2 f6 32. c5 Rb8 33. c6 Be7 34. Re4
Ke8 35. Rxd4 a5 36. Ra4 Bb4+ 37. Nxb4 axb4 38. Kd3 Ke7 39. Kc4 Kd6 40. a3 bxa3
41. Rxa3 Bh3 42. Ra1 Be6 43. Bxe6 Kxe6 44. b4 Rd8 45. Re1+ Kf7 46. Re4 Rd2 47.
Rd4 Rxh2 48. Rd7+ Ke6 49. Rxc7 Kd6 50. Rc8 Rh5 51. b5 Rh1 52. Rd8+ Kc7 53. Rd7+
Kb6 54. Rb7+ Ka5 55. c7 h5 56. Ra7+ Kb6 57. c8=N# 1-0

[Event "22nd ch-EUR Indiv 2022"]
[Site "Terme Catez SLO"]
[Date "2022.03.28"]
[Round "2.111"]
[White "Wachinger, Nikolas"]
[Black "Lorscheid, Gerhard"]
[Result "1-0"]
[BlackTitle "FM"]
[WhiteElo "2376"]
[BlackElo "2150"]
[WhiteFideId "12962791"]
[BlackFideId "4606000"]
[EventDate "2022.03.27"]

1. e4 d6 2. d4 Nf6 3. Nc3 e5 4. Nf3 exd4 5. Nxd4 Be7 6. Bf4 O-O 7. Qd2 Nc6 8.
O-O-O Nxd4 9. Qxd4 Be6 10. f3 a6 11. g4 b5 12. Nd5 Nxd5 13. exd5 Bd7 14. Qd2 a5
15. Bd3 b4 16. h4 Re8 17. Be4 Bf6 18. g5 Be5 19. h5 f5 20. Bd3 Bxf4 21. Qxf4 Re5
22. h6 g6 23. Qd4 f4 24. Rdg1 Qe7 25. Qxf4 Rf8 26. Qg3 Bf5 27. f4 Re3 28. Re1
Re8 29. Rxe3 Qxe3+ 30. Qxe3 Rxe3 31. Kd2 Rf3 32. Rf1 Rh3 33. Bxf5 Rh2+ 34. Kd3
gxf5 35. Re1 Kf7 36. Re6 Rh3+ 37. Kc4 Rh2 38. Kb3 a4+ 39. Kxa4 Rxc2 40. Kb3 Rc5
41. Rf6+ Kg8 42. Rxf5 c6 43. Kxb4 cxd5 44. a4 1-0

[Event "22nd ch-EUR Indiv 2022"]
[Site "Terme Catez SLO"]
[Date "2022.03.28"]
[Round "2.112"]
[White "Fruebing, Stefan"]
[Black "Katkov, Michelle"]
[Result "0-1"]
[WhiteTitle "IM"]
[BlackTitle "WFM"]
[WhiteElo "2374"]
[BlackElo "2149"]
[WhiteFideId "4682165"]
[BlackFideId "2816393"]
[EventDate "2022.03.27"]

1. e4 e5 2. Nf3 Nc6 3. Bb5 a6 4. Bxc6 dxc6 5. O-O Qd6 6. Na3 b5 7. c3 c5 8. Nc2
Bb7 9. Re1 O-O-O 10. a4 b4 11. Ne3 f6 12. Nc4 Qd3 13. Nfxe5 fxe5 14. Nxe5 Qd6
15. Qg4+ Kb8 16. Nf7 Qe7 17. Nxh8 Nf6 18. Qh4 Qe6 19. d3 Be7 20. Bg5 Rxh8 21. e5
Nd5 22. Bxe7 Nxe7 23. cxb4 Nf5 24. Qc4 Qg6 25. g3 Nd4 26. Re3 Qh5 27. Qxc5 Nf3+
28. Kf1 Nxh2+ 29. Ke1 Nf3+ 30. Rxf3 Qxf3 31. Rc1 Rc8 32. Qe3 Qf7 33. Rc4 Qd5 34.
Kd2 Re8 35. f4 g5 36. Kc3 gxf4 37. gxf4 h5 38. Rc5 Qe6 39. Qf2 Qf5 40. e6 Qf6+
41. Qd4 Qxe6 42. Rxh5 Qe1+ 43. Kc4 Qc1+ 44. Qc3 Qxf4+ 45. Kb3 Qf7+ 0-1

[Event "22nd ch-EUR Indiv 2022"]
[Site "Terme Catez SLO"]
[Date "2022.03.28"]
[Round "2.113"]
[White "Manca, Federico"]
[Black "Horvat, Damjan"]
[Result "1-0"]
[WhiteTitle "IM"]
[WhiteElo "2370"]
[BlackElo "2145"]
[WhiteFideId "800171"]
[BlackFideId "14545535"]
[EventDate "2022.03.27"]

1. e4 c5 2. c3 Nf6 3. e5 Nd5 4. d4 cxd4 5. Nf3 Nc6 6. Bc4 Nb6 7. Bb3 d5 8. exd6
Qxd6 9. O-O d3 10. Na3 Bf5 11. Nb5 Qd7 12. Bf4 Rc8 13. Nxa7 Nxa7 14. Ne5 Qb5 15.
Nxf7 Rg8 16. Re1 e6 17. g4 g5 18. Bg3 Kxf7 19. gxf5 Kg7 20. Be5+ Kh6 21. Bxe6
Nc6 22. Bf6 Bg7 23. Re3 Bxf6 24. Rh3+ Kg7 25. Qh5 Qxf5 26. Bxf5 Rcd8 27. Qxh7+
Kf8 28. Qxb7 d2 29. Rd1 Re8 30. Re3 Ra8 31. Qxc6 Rxa2 32. Qxf6# 1-0

[Event "22nd ch-EUR Indiv 2022"]
[Site "Terme Catez SLO"]
[Date "2022.03.28"]
[Round "2.114"]
[White "Richter, Nils"]
[Black "Veleski, Robert"]
[Result "1-0"]
[WhiteTitle "FM"]
[BlackTitle "FM"]
[WhiteElo "2365"]
[BlackElo "2136"]
[WhiteFideId "12990809"]
[BlackFideId "15001008"]
[EventDate "2022.03.27"]

1. Nf3 Nf6 2. d4 g6 3. c4 Bg7 4. Nc3 O-O 5. e4 d6 6. Be2 e5 7. Be3 Ng4 8. Bg5 f6
9. Bc1 c5 10. dxc5 dxc5 11. Qxd8 Rxd8 12. h3 Nh6 13. Nd5 Nc6 14. Nxf6+ Bxf6 15.
Bxh6 Nd4 16. Nxd4 cxd4 17. Bd2 Be6 18. Bd3 Rac8 19. b3 Kg7 20. Ke2 g5 21. Rhc1
h5 22. a4 Be7 23. b4 Rf8 24. c5 Rf7 25. a5 Rcf8 26. Be1 g4 27. hxg4 Bg5 28. Rc2
Bxg4+ 29. Kf1 h4 30. Kg1 h3 31. gxh3 Bf3 32. Bd2 Rh8 33. Kh2 Bg4 34. Bf1 Bd8 35.
Ra3 Rxf2+ 36. Kg1 Rhf8 37. Bh6+ Kxh6 38. Rxf2 Rxf2 39. Kxf2 Bh4+ 40. Kg2 Bc8 41.
a6 Be1 42. axb7 Bxb7 43. Bd3 1-0

[Event "22nd ch-EUR Indiv 2022"]
[Site "Terme Catez SLO"]
[Date "2022.03.28"]
[Round "2.115"]
[White "Giacomini, Hector"]
[Black "Giannoulakis, Lampros"]
[Result "0-1"]
[BlackTitle "FM"]
[WhiteElo "2129"]
[BlackElo "2362"]
[WhiteFideId "605352"]
[BlackFideId "4247019"]
[EventDate "2022.03.27"]

1. Nf3 Nf6 2. e3 g6 3. d4 Bg7 4. c4 O-O 5. Be2 c5 6. dxc5 Ne4 7. O-O Nxc5 8. Nc3
Nc6 9. Bd2 d6 10. Be1 Bd7 11. Rc1 a6 12. b3 Rb8 13. Nd5 b5 14. Bc3 Bxc3 15. Nxc3
b4 16. Nd5 e6 17. Nf4 Ne4 18. Qc2 Nc3 19. Bd3 f5 20. Ne2 Nxe2+ 21. Bxe2 Qe7 22.
Rfd1 Rfd8 23. Rd2 Be8 24. Rcd1 a5 25. h4 Rd7 26. g3 Rbd8 27. Nd4 Nxd4 28. Rxd4
Bf7 29. Bf3 e5 30. R4d2 e4 31. Be2 Qe5 32. Rd4 Be6 33. Qd2 h6 34. Kg2 g5 35.
hxg5 hxg5 36. Rh1 Rg7 37. Kf1 Kf7 38. Ke1 Ke7 39. Kd1 Rc8 40. Bf1 Rb8 41. Qb2
Rf7 42. Rd2 Qxb2 43. Rxb2 Ra8 44. Rh6 Rf6 45. Rh7+ Rf7 46. Rh6 Rff8 47. Rh7+ Bf7
48. Rd2 Rh8 49. Rxh8 Rxh8 50. Kc2 Rh2 51. Kb2 Ke6 52. a3 Rh1 53. Be2 Ke5 54.
axb4 axb4 55. Bd1 Rf1 56. Kc2 d5 57. cxd5 Bxd5 58. Kb2 Bc6 59. Bc2 Bb5 60. Bd1
Kf6 61. Rd6+ Kg7 62. Rd2 Bd3 63. Ka2 Kg6 64. Kb2 Rh1 65. Ka2 Rh8 66. Kb2 Rc8 67.
Ka2 Ra8+ 68. Kb2 Ra6 69. Kc1 Rc6+ 70. Kb2 Kf6 71. Ka2 Ke5 72. Kb2 Ra6 73. Kc1
Rc6+ 74. Kb2 f4 75. gxf4+ gxf4 76. exf4+ Kxf4 77. Ka2 Rc3 78. Kb2 Ke5 79. Ka2
Kd4 80. Kb2 Rc5 81. Bg4 Rg5 82. Bd1 Rg2 83. Bh5 Rg1 84. Rd1 Rg5 85. Be8 Re5 86.
Bg6 Re6 87. Bh5 Re5 88. Bg6 Rg5 89. Be8 Rg2 90. Rd2 Rg1 91. Bh5 Rb1+ 92. Ka2 Rh1
93. Bg4 Kc3 94. Rb2 Rh7 0-1

[Event "22nd ch-EUR Indiv 2022"]
[Site "Terme Catez SLO"]
[Date "2022.03.28"]
[Round "2.116"]
[White "Novosel, Lovro"]
[Black "Alienkin, Aleksander"]
[Result "1-0"]
[BlackTitle "IM"]
[WhiteElo "2099"]
[BlackElo "2361"]
[WhiteFideId "14547120"]
[BlackFideId "4156765"]
[EventDate "2022.03.27"]

1. d4 Nf6 2. Nf3 c5 3. c4 cxd4 4. Nxd4 b6 5. Nc3 Bb7 6. f3 e6 7. e4 d6 8. Be3
Be7 9. Be2 O-O 10. O-O a6 11. Rc1 Nbd7 12. Qd2 Rc8 13. b3 Re8 14. Rfd1 Qc7 15.
Bf1 Qb8 16. Nc2 Bf8 17. a3 Rcd8 18. Qf2 Qc7 19. Nd4 g6 20. h3 Bg7 21. b4 Qb8 22.
Nb3 Ba8 23. Na4 d5 24. exd5 exd5 25. Nxb6 dxc4 26. Nxc4 Nd5 27. Bd4 Bh6 28. Rc2
Bf4 29. Re2 Rxe2 30. Qxe2 Re8 31. Qb2 Bg3 32. Nc5 Nxc5 33. bxc5 Qf4 34. Qd2 Qh4
35. Nd6 Bf4 36. Qf2 Bg3 37. Qb2 Rd8 38. Ne4 Ne3 39. Bh8 Nf5 40. Rxd8+ Qxd8 41.
Nxg3 1-0

[Event "22nd ch-EUR Indiv 2022"]
[Site "Terme Catez SLO"]
[Date "2022.03.28"]
[Round "2.117"]
[White "O'Gorman, Tom"]
[Black "Olenik Campa, Rudi"]
[Result "1-0"]
[WhiteTitle "FM"]
[BlackTitle "CM"]
[WhiteElo "2357"]
[BlackElo "2112"]
[WhiteFideId "2508249"]
[BlackFideId "14633264"]
[EventDate "2022.03.27"]

1. c4 Nf6 2. Nc3 g6 3. d4 Bg7 4. Nf3 O-O 5. g3 d6 6. Bg2 Nc6 7. O-O e5 8. dxe5
dxe5 9. Bg5 Be6 10. Qc1 Qc8 11. Rd1 Bh3 12. Bxf6 Bxf6 13. Nd5 Bg7 14. Bxh3 Qxh3
15. Nxc7 Rac8 16. Nd5 e4 17. Ng5 Qf5 18. Qf4 Qxf4 19. gxf4 Rfe8 20. Rac1 h6 21.
Nh3 Nd4 22. Kf1 Nf5 23. b3 Rc6 24. e3 g5 25. Ng1 Nh4 26. Ne2 Rg6 27. Ng3 gxf4
28. Nxf4 Ra6 29. Rc2 Be5 30. Ke2 Bxf4 31. exf4 Ng6 32. Ke3 Rf6 33. f5 Nh4 34.
Rd5 Ng2+ 35. Kd4 Nf4 36. Re5 Rd8+ 37. Kxe4 Nd3 38. Rd5 Rxd5 39. cxd5 Nb4 40.
Rc8+ Kh7 41. a3 Na6 42. Nh5 Rb6 43. Ke5 f6+ 44. Nxf6+ Kg7 45. Nh5+ Kf7 46. b4
Rb5 47. Nf4 h5 48. Ne6 1-0

[Event "22nd ch-EUR Indiv 2022"]
[Site "Terme Catez SLO"]
[Date "2022.03.28"]
[Round "2.118"]
[White "Hulka, Valentyn"]
[Black "Szwed, Jacek"]
[Result "0-1"]
[BlackTitle "FM"]
[WhiteElo "2105"]
[BlackElo "2357"]
[WhiteFideId "34107061"]
[BlackFideId "1126431"]
[EventDate "2022.03.27"]

1. e4 c5 2. Nf3 e6 3. g3 Nc6 4. Bg2 Nf6 5. Qe2 e5 6. O-O Be7 7. c3 O-O 8. d3 Re8
9. Na3 h6 10. Nc4 Bf8 11. a4 d6 12. Re1 g6 13. Qc2 Be6 14. Nfd2 Qd7 15. Ne3 Ne7
16. Ndc4 Qc7 17. Bd2 Bg7 18. Re2 d5 19. exd5 Nfxd5 20. Rae1 Nxe3 21. Rxe3 Bd5
22. Bxd5 Nxd5 23. R3e2 Re6 24. Qb3 Rae8 25. a5 Kh7 26. Qb5 a6 27. Qb3 Qc6 28.
Be3 h5 29. Qa3 e4 30. Rd1 exd3 31. Rxd3 h4 32. Red2 Nxe3 33. Nxe3 Bh6 34. Qa2 c4
35. Qxc4 Qxc4 36. Nxc4 Bxd2 37. Rxd2 Re2 38. Rxe2 Rxe2 39. Kg2 h3+ 40. Kxh3 Rxf2
41. b4 Rc2 42. Nd6 Rxc3 43. Nxb7 Rb3 44. Nc5 Rxb4 45. Nxa6 Rb5 46. Nc7 Rxa5 47.
Ne8 g5 48. g4 Ra6 49. Nc7 Rd6 50. Nb5 Rd3+ 51. Kg2 Kg6 52. Na7 Kf6 53. Nc6 Rc3
54. Nd4 Rc4 0-1

[Event "22nd ch-EUR Indiv 2022"]
[Site "Terme Catez SLO"]
[Date "2022.03.28"]
[Round "2.119"]
[White "Kenneskog, Theodor"]
[Black "Hryzlova, Sofiia"]
[Result "1-0"]
[WhiteTitle "FM"]
[BlackTitle "WCM"]
[WhiteElo "2354"]
[BlackElo "2097"]
[WhiteFideId "1715011"]
[BlackFideId "14174669"]
[EventDate "2022.03.27"]

1. e4 c5 2. Nf3 d6 3. d4 cxd4 4. Nxd4 Nf6 5. Nc3 a6 6. Bg5 e6 7. f4 h6 8. Bh4
Qb6 9. a3 Be7 10. Bf2 Qc7 11. Qf3 Nbd7 12. O-O-O b5 13. g4 Bb7 14. h4 Nc5 15.
Bd3 d5 16. e5 Nfe4 17. Bxe4 Nxe4 18. Be1 Rc8 19. Rh3 Qb6 20. Nxe4 dxe4 21. Qe3
Rc4 22. Bb4 Bxb4 23. axb4 O-O 24. b3 Rcc8 25. f5 Rfd8 26. g5 Qc7 27. c3 Qxe5 28.
fxe6 Rxc3+ 29. Qxc3 Rc8 30. exf7+ Kxf7 31. gxh6 gxh6 32. Kb2 Rxc3 33. Rxc3 e3
34. Nc2 e2 35. Rd7+ Kg6 36. Rxb7 e1=Q 37. Nxe1 Qxe1 38. Rb6+ Kf5 39. Rc5+ Kg4
40. Rg6+ Kf4 41. Rf6+ Kg4 42. Rxa6 h5 43. Rg6+ Kxh4 44. Rg2 Qe4 45. Rh2+ Kg4 46.
Rhxh5 Qd4+ 47. Ka2 Qd2+ 48. Ka3 Qd1 49. Rh2 Qa1+ 50. Ra2 Qf1 51. Rc8 Qb1 52. Rc5
Qf1 53. Rcc2 Qb1 54. Rc8 Kg3 55. Rc5 Qf1 56. Kb2 Qf2+ 57. Rc2 Qd4+ 58. Rc3+ Kf4
59. Ra1 Qd2+ 60. Rc2 Qxb4 61. Rd1 Ke4 62. Re2+ Kf3 63. Re5 Qh4 64. Rxb5 Qf6+ 65.
Ka3 Qe7+ 66. Ka4 Qe4+ 67. Ka5 Qa8+ 68. Kb4 Qe4+ 69. Kc3 Qc6+ 70. Kb4 Qe4+ 71.
Ka3 Qe7+ 72. Rb4 Qa7+ 73. Kb2 Qf2+ 74. Kc3 Qc5+ 75. Rc4 Qa5+ 76. Kb2 Qe5+ 77.
Rc3+ Ke2 78. Rd3 Qh8 79. Rh3 Qd4 80. Re3+ Kf2 81. Rd3 Qh8 82. b4 1-0

[Event "22nd ch-EUR Indiv 2022"]
[Site "Terme Catez SLO"]
[Date "2022.03.28"]
[Round "2.120"]
[White "Tancsa, Tamas"]
[Black "Langheinrich, Ferenc"]
[Result "0-1"]
[BlackTitle "IM"]
[WhiteElo "2096"]
[BlackElo "2351"]
[WhiteFideId "783749"]
[BlackFideId "4641973"]
[EventDate "2022.03.27"]

1. e4 e6 2. d4 d5 3. Nc3 Nf6 4. e5 Nfd7 5. f4 c5 6. Nf3 a6 7. Be3 Qb6 8. Na4
Qa5+ 9. c3 cxd4 10. b4 Qc7 11. Qxd4 Nc6 12. Qd2 b5 13. Nb2 f6 14. exf6 Nxf6 15.
Bd3 Bd6 16. a4 Rb8 17. axb5 axb5 18. O-O O-O 19. Nd4 Nxd4 20. Bxd4 Ne4 21. Bxe4
dxe4 22. g3 Bb7 23. Qe2 Qc6 24. Qe3 Rbe8 25. Rad1 Rf7 26. h3 h6 27. c4 bxc4 28.
Bc3 e5 29. Rxd6 Qxd6 30. Nxc4 Qd5 31. Nxe5 Rc7 32. Qd4 Rxc3 33. Qxc3 e3 34. Nf3
e2 35. Re1 Qxf3 36. Qxf3 Bxf3 37. Kf2 Bc6 38. Rxe2 Rxe2+ 39. Kxe2 Bg2 40. h4 h5
41. Kf2 Bc6 42. Ke3 Kf7 43. Kd4 Ke6 44. Kc5 Bf3 45. b5 Kf5 46. Kd6 Kg4 47. Ke6
Kxg3 48. f5 Kxh4 49. Kf7 Kg5 0-1

[Event "22nd ch-EUR Indiv 2022"]
[Site "Terme Catez SLO"]
[Date "2022.03.28"]
[Round "2.121"]
[White "Milikow, Yoav"]
[Black "Gregoric, Andraz"]
[Result "1-0"]
[WhiteTitle "FM"]
[WhiteElo "2349"]
[BlackElo "2091"]
[WhiteFideId "2822237"]
[BlackFideId "14629461"]
[EventDate "2022.03.27"]

1. d4 Nf6 2. c4 e6 3. Nc3 Bb4 4. Qc2 d5 5. a3 Bxc3+ 6. Qxc3 O-O 7. Nf3 dxc4 8.
Qxc4 b6 9. Bg5 Ba6 10. Qa4 Qd5 11. Bxf6 gxf6 12. Rc1 Rc8 13. e3 Bxf1 14. Rxf1 c5
15. dxc5 bxc5 16. Ke2 Qc6 17. Qxc6 Rxc6 18. Rfd1 Na6 19. Nd2 Kf8 20. Rc4 f5 21.
Rh4 Kg7 22. Nc4 Rc7 23. Rd6 Nb8 24. Rd8 Rb7 25. g4 a6 26. gxf5 exf5 27. Rf4 Raa7
28. Rxf5 Nd7 29. Rg5+ Kf6 30. Rh5 Kg6 31. Rd5 Kf6 32. Re8 Kg7 33. f4 h6 34. Rd1
Nb6 35. Nd6 Rc7 36. Nf5+ Kg6 37. Rd6+ Kxf5 38. Kf3 f6 39. Rg8 Rg7 40. Rxg7 Rxg7
41. Rxb6 Rg1 42. e4+ Kg6 43. e5 1-0

[Event "22nd ch-EUR Indiv 2022"]
[Site "Terme Catez SLO"]
[Date "2022.03.28"]
[Round "2.123"]
[White "Ruzic, Pia Marie"]
[Black "Levin, Guy"]
[Result "0-1"]
[BlackTitle "FM"]
[WhiteElo "2072"]
[BlackElo "2332"]
[WhiteFideId "14620057"]
[BlackFideId "2824213"]
[EventDate "2022.03.27"]

1. Nf3 d5 2. d4 e6 3. c4 Nf6 4. g3 dxc4 5. Bg2 Nbd7 6. O-O Rb8 7. a4 b6 8. Qc2
Ba6 9. Nfd2 c5 10. dxc5 Bxc5 11. Nxc4 O-O 12. Nba3 Bxa3 13. Nxa3 Rc8 14. Qd1 Nc5
15. Nb5 Qxd1 16. Rxd1 Nb3 17. Rb1 Bxb5 18. axb5 Rc2 19. Bg5 Rxe2 20. Bxf6 gxf6
21. Rd7 Rc8 22. Bc6 Na5 23. Rxa7 Nxc6 24. bxc6 Rxc6 25. Rd1 Rcc2 26. Rdd7 Rxf2
27. Rxf7 Rg2+ 28. Kf1 Rxh2 29. Rg7+ Kh8 30. Kg1 Rcg2+ 31. Kf1 Rxb2 32. Kg1 Rbg2+
33. Kf1 Ra2 34. Rxh7+ Rxh7 35. Rxa2 Rb7 36. Re2 e5 37. g4 Kg7 38. g5 b5 0-1

[Event "22nd ch-EUR Indiv 2022"]
[Site "Terme Catez SLO"]
[Date "2022.03.28"]
[Round "2.124"]
[White "Ortega Ruiz, Jose Miguel"]
[Black "Zlatkov, Anton"]
[Result "1/2-1/2"]
[WhiteTitle "FM"]
[WhiteElo "2331"]
[BlackElo "2081"]
[WhiteFideId "2209713"]
[BlackFideId "15005402"]
[EventDate "2022.03.27"]

1. d4 Nf6 2. c4 e6 3. Nf3 Bb4+ 4. Nbd2 b6 5. g3 Bb7 6. Bg2 O-O 7. O-O a5 8. a3
Bxd2 9. Qxd2 a4 10. Rd1 Be4 11. Qc3 Nc6 12. Bf1 Na5 13. Nd2 d5 14. f3 Bg6 15. e3
dxc4 16. Bxc4 Qd7 17. e4 c5 18. Nf1 cxd4 19. Rxd4 Qe7 20. Ba2 Rac8 21. Qe3 b5
22. Bd2 Nc6 23. Bb4 Nxb4 24. Rxb4 Rc5 25. Rd1 Rfc8 26. Qd3 Qe8 27. Ne3 h5 28.
Ng2 Rc1 29. Nf4 Bh7 30. Ne2 Rxd1+ 31. Qxd1 Qc6 32. Nc3 h4 33. g4 h3 34. Bb1 Qc5+
35. Kf1 Qe5 36. Qd2 Rb8 37. Rd4 Bg6 38. Bc2 Kh7 39. Bd1 Qc5 40. Qf2 e5 41. Rb4
Qd6 42. Qe3 Ne8 43. Be2 Nc7 44. Nxa4 Ne6 45. Nc3 Nd4 46. Qd3 Qf6 47. Nd5 Qh4 48.
Rxd4 exd4 49. Qxd4 Rc8 50. Nc3 Qg5 51. Qf2 Qc1+ 52. Nd1 f6 53. Qe3 Qxe3 54. Nxe3
Rc1+ 55. Kf2 Rb1 56. Nd1 Bf7 57. Ke3 Bb3 58. Nf2 Ba4 59. b4 Rb3+ 60. Kd4 Rb2 61.
Ke3 Rb3+ 62. Kd4 1/2-1/2

[Event "22nd ch-EUR Indiv 2022"]
[Site "Terme Catez SLO"]
[Date "2022.03.28"]
[Round "2.125"]
[White "Van Hoolandt, Patrick"]
[Black "Roebers, Eline"]
[Result "0-1"]
[WhiteTitle "FM"]
[WhiteElo "2065"]
[BlackElo "2331"]
[WhiteFideId "200999"]
[BlackFideId "1058401"]
[EventDate "2022.03.27"]

1. d4 Nf6 2. c4 g6 3. Nc3 Bg7 4. e4 d6 5. Nf3 O-O 6. Be3 e5 7. dxe5 dxe5 8. Qc2
c6 9. h3 Qe7 10. a3 Nbd7 11. b4 a5 12. Rb1 axb4 13. axb4 Nh5 14. Be2 Nf4 15. O-O
Ne6 16. Bd3 Rd8 17. Ne2 Ndf8 18. Bb6 Rd7 19. Be3 h6 20. c5 Ng5 21. Nd2 Ra3 22.
Nc3 Nfe6 23. Nc4 Rxc3 24. Qxc3 Nf4 25. Rfd1 Rxd3 26. Qc2 Rc3 27. Qd2 Nf3+ 0-1

[Event "22nd ch-EUR Indiv 2022"]
[Site "Terme Catez SLO"]
[Date "2022.03.28"]
[Round "2.126"]
[White "Bethke, Richard"]
[Black "Dubnevych, Maksym"]
[Result "1-0"]
[WhiteTitle "FM"]
[WhiteElo "2327"]
[BlackElo "2065"]
[WhiteFideId "12959243"]
[BlackFideId "14184001"]
[EventDate "2022.03.27"]

1. e4 c5 2. Nf3 Nc6 3. d4 cxd4 4. Nxd4 Nf6 5. Nc3 e5 6. Ndb5 d6 7. Bg5 a6 8. Na3
b5 9. Nd5 Be7 10. Bxf6 Bxf6 11. c3 Bg5 12. Nc2 Rb8 13. a4 bxa4 14. Ncb4 Nxb4 15.
cxb4 O-O 16. Rxa4 a5 17. Bc4 axb4 18. Qb3 Kh8 19. O-O f5 20. exf5 Bxf5 21. Rxb4
Rxb4 22. Qxb4 Be4 23. Rd1 Bxd5 24. Bxd5 Qc7 25. Bf3 Be7 26. Qd2 Qb6 27. b4 Bh4
28. Re1 Rc8 29. g3 Rf8 30. Kg2 Be7 31. Rc1 Rb8 32. Rc6 Qb5 33. Qc3 g6 34. Rc7
Qe8 35. b5 Bd8 36. Bc6 Qe6 37. Rd7 Bb6 38. Qd2 Rf8 39. f3 Rf6 40. Rb7 Bd8 41.
Bd5 Qe8 42. b6 Qb5 43. Rb8 Rf8 44. b7 Kg7 45. Rc8 Ba5 46. Qa2 e4 47. b8=Q exf3+
48. Bxf3 1-0

[Event "22nd ch-EUR Indiv 2022"]
[Site "Terme Catez SLO"]
[Date "2022.03.28"]
[Round "2.127"]
[White "Yakimenko, Alexander A."]
[Black "Sorm, Daniel"]
[Result "1-0"]
[BlackTitle "FM"]
[WhiteElo "2064"]
[BlackElo "2323"]
[WhiteFideId "24141917"]
[BlackFideId "5400139"]
[EventDate "2022.03.27"]

1. e4 c5 2. c3 Nf6 3. e5 Nd5 4. d4 cxd4 5. Bc4 e6 6. Qxd4 Nc6 7. Qe4 f5 8. Qe2
Bc5 9. Nf3 O-O 10. O-O a6 11. Bxd5 exd5 12. Be3 d6 13. Nbd2 f4 14. Bxc5 dxc5 15.
h3 Bf5 16. Rfe1 c4 17. Nd4 Nxd4 18. cxd4 Bd3 19. Qf3 b5 20. b3 Kh8 21. e6 Ra7
22. Re5 Qa5 23. e7 Rxe7 24. Rxe7 Qxd2 25. Qxd5 h6 26. Qe5 Rg8 27. bxc4 bxc4 28.
d5 c3 29. Rc7 c2 30. d6 Bf5 31. Rf1 Bd3 32. Qe1 Qxe1 33. Rxe1 Rd8 34. d7 Kh7 35.
f3 Kg6 36. Re6+ Kf7 37. Rd6 Bf5 38. Kf2 Ke7 39. Rd4 g5 40. Ke1 Ke6 41. Kd2 Ke5
42. Rc8 Rxc8 43. dxc8=Q Bxc8 44. Rc4 Bd7 45. Rxc2 Bb5 46. Kc3 h5 47. Rd2 Bf1 48.
Kb4 Kf5 49. Kc5 g4 50. Rd5+ Kg6 51. hxg4 hxg4 52. fxg4 Bxg2 53. Rf5 f3 54. Kb6
f2 55. Rxf2 1-0

[Event "22nd ch-EUR Indiv 2022"]
[Site "Terme Catez SLO"]
[Date "2022.03.28"]
[Round "2.128"]
[White "Stremavicius, Pijus"]
[Black "Maksimovic, Masa"]
[Result "1-0"]
[WhiteTitle "FM"]
[BlackTitle "WFM"]
[WhiteElo "2320"]
[BlackElo "2063"]
[WhiteFideId "12812730"]
[BlackFideId "14408902"]
[EventDate "2022.03.27"]

1. d4 d5 2. Nf3 Nf6 3. g3 e6 4. Bg2 Be7 5. O-O O-O 6. c4 dxc4 7. Qa4 a6 8. Qxc4
b5 9. Qc2 Bb7 10. Bd2 Ra7 11. Rd1 Nbd7 12. Ba5 Qa8 13. b4 Be4 14. Qc1 Nb6 15.
Nbd2 Bd5 16. Bf1 Ne4 17. Nxe4 Bxe4 18. Nd2 Bd5 19. Qc2 f5 20. e3 Rf6 21. Re1 Rh6
22. a3 Qe8 23. Bxb6 cxb6 24. e4 fxe4 25. Nxe4 Qh5 26. h3 Bf8 27. Bg2 Qf5 28. Qe2
Rc7 29. h4 Rc4 30. Qe3 Rg6 31. Rad1 Be7 32. Re2 Kh8 33. Kh2 h5 34. Bh3 Qf8 35.
f4 Qc8 36. Nd2 Rc3 37. Qe5 Rcxg3 38. Nf1 Qc3 39. Re3 Rxe3 40. Qxe3 Qxe3 41. Nxe3
Bxh4 42. f5 Rf6 43. Rc1 Bg5 44. Rc8+ Kh7 45. Nxd5 exd5 46. Ra8 Be3 47. Rxa6 Bxd4
48. Kg3 Kh6 49. Ra7 Rd6 50. Kf4 Rd8 51. Bf1 Bf6 52. Bxb5 d4 53. Bd3 Re8 54. Be4
Be5+ 55. Kf3 Rd8 56. Bd3 Kg5 57. Rb7 Ra8 58. Rxb6 Rxa3 59. Rg6+ Kh4 60. Ke4 Bf6
61. b5 Rc3 62. Rg1 Rc5 63. b6 Kh3 64. b7 Re5+ 65. Kf4 Re8 66. Be4 Be5+ 67. Kf3
Kh4 68. Rc1 Rb8 69. Bd5 Kg5 70. Ke4 Bg3 71. Rc6 Re8+ 72. Be6 h4 73. Kxd4 Rb8 74.
Bc8 Kf4 75. Rg6 h3 76. Rxg7 h2 77. Rh7 Kg5 78. Rh3 Kf6 79. Ke4 Bc7 80. Kf3 Kg5
81. Kg2 Be5 82. Re3 Kf6 83. Re1 Bf4 84. Ra1 Ke7 85. Ra6 Kf7 86. Ra4 Be5 87. Rh4
Kf6 88. Kf3 Kf7 89. Ke4 Bg3 90. Rh3 Bd6 91. Rh7+ Kg8 92. Rh6 Kg7 93. Rh5 Kf7 94.
Kf3 Be5 95. Kg4 Bd6 96. Kg5 Be7+ 97. f6 Bxf6+ 98. Kf5 Bd4 99. Rh7+ Ke8 100. Ke6
Kd8 101. Kd6 Bc3 102. Rxh2 Bb4+ 103. Kc6 Be1 104. Re2 Bh4 105. Re3 Bg5 106. Re4
Bf6 107. Ra4 Be5 108. Re4 Bf6 109. Bd7 Be7 110. Rg4 Bf8 111. Rg8 Ke7 112. Kc7
Rd8 113. b8=Q 1-0

[Event "22nd ch-EUR Indiv 2022"]
[Site "Terme Catez SLO"]
[Date "2022.03.28"]
[Round "2.129"]
[White "Henseler, Jorgen"]
[Black "Yordanov, Lachezar"]
[Result "1/2-1/2"]
[BlackTitle "FM"]
[WhiteElo "2059"]
[BlackElo "2318"]
[WhiteFideId "1023233"]
[BlackFideId "2918927"]
[EventDate "2022.03.27"]

1. e4 c5 2. Nf3 d6 3. d4 cxd4 4. Nxd4 Nf6 5. Nc3 a6 6. Be3 e5 7. Nb3 Be7 8. f3
Be6 9. Qd2 h5 10. O-O-O Nbd7 11. Kb1 Rc8 12. Nd5 Nxd5 13. exd5 Bf5 14. Bd3 Bxd3
15. Qxd3 Bg5 16. Rhe1 Bxe3 17. Rxe3 O-O 18. g4 Qg5 19. h4 Qxh4 20. Ree1 Qg5 21.
gxh5 Nf6 22. Nd2 Qf4 23. Ne4 Nxe4 24. fxe4 f5 25. exf5 Qxf5 26. Qe2 Qf2 27. Qd3
Rf3 28. Qg6 Rf6 29. Qd3 Qf5 30. Qe2 Rcf8 31. Rg1 Rh6 32. Rg3 Qxh5 33. Qd3 Rf7
34. Rdg1 Qh4 35. a3 Qf4 36. Rg4 Qf6 37. Qg3 Qe7 38. Qe3 Rhf6 39. Qh3 Qd7 40. Ka2
Qf5 41. Rh1 Kf8 42. Qh8+ Ke7 43. Rc4 Qd7 44. Rc8 Rh6 45. Rxh6 gxh6 46. b3 a5 47.
a4 h5 48. Kb2 e4 49. Rc4 Qd8 50. Rxe4+ Kd7 51. Qxh5 Qf6+ 52. Ka2 Qf5 53. Qxf5+
Rxf5 54. Rd4 Kc7 55. Kb2 Kb6 56. b4 axb4 57. Rxb4+ Ka5 58. Rxb7 Rxd5 59. Ra7+
Kb6 60. Ra8 Rh5 61. Kb3 Rh3+ 62. c3 Rh4 63. Rd8 Kc7 64. Rg8 Kb6 65. Rg5 Kc6 66.
Rb5 Rg4 67. Rb4 Rg1 68. Rd4 Kc5 69. a5 Rb1+ 70. Ka2 Rb7 71. a6 Ra7 72. Ra4 Kb5
73. Kb3 Rxa6 1/2-1/2